Welcome to CU Library Online Public Access Catalogue (OPAC)

Gamut index of skeletal dysplasias : (Record no. 4091)

MARC details
000 -LEADER
fixed length control field 00854pam a2200241 a 4500
001 - CONTROL NUMBER
control field 3769272
005 - DATE AND TIME OF LATEST TRANSACTION
control field 20250221205047.0
008 - FIXED-LENGTH DATA ELEMENTS--GENERAL INFORMATION
fixed length control field 830906s1984 gw b 001 0 eng
020 ## - INTERNATIONAL STANDARD BOOK NUMBER
International Standard Book Number 0387128255 (U.S. : pbk.)
050 00 - LIBRARY OF CONGRESS CALL NUMBER
Classification number RD761
Item number .K69 1984
082 00 - DEWEY DECIMAL CLASSIFICATION NUMBER
Classification number 616.7/1043
Edition information 19
100 1# - MAIN ENTRY--PERSONAL NAME
Personal name Kozlowski, Kazimierz,
Dates associated with a name 1928-
245 10 - TITLE STATEMENT
Title Gamut index of skeletal dysplasias :
Remainder of title an aid to radiodiagnosis /
Statement of responsibility, etc. Kazimierz Kozlowski, Peter Beighton ; foreword by Frederic N. Silverman.
260 ## - PUBLICATION, DISTRIBUTION, ETC.
Place of publication, distribution, etc. Berlin ;
-- New York :
Name of publisher, distributor, etc. Springer-Verlag,
Date of publication, distribution, etc. 1984.
300 ## - PHYSICAL DESCRIPTION
Extent x, 195 p. ;
Dimensions 24 cm.
500 ## - GENERAL NOTE
General note Includes index.
650 #0 - SUBJECT ADDED ENTRY--TOPICAL TERM
Topical term or geographic name entry element Human skeleton
General subdivision Abnormalities
-- Diagnosis.
650 #0 - SUBJECT ADDED ENTRY--TOPICAL TERM
Topical term or geographic name entry element Diagnosis, Radioscopic.
650 #2 - SUBJECT ADDED ENTRY--TOPICAL TERM
Topical term or geographic name entry element Bone diseases, Developmental
General subdivision Radiography.
650 #2 - SUBJECT ADDED ENTRY--TOPICAL TERM
Topical term or geographic name entry element Bone and bones
General subdivision Abnormalities.
700 1# - ADDED ENTRY--PERSONAL NAME
Personal name Beighton, Peter.
942 ## - ADDED ENTRY ELEMENTS (KOHA)
Source of classification or shelving scheme Library of Congress Classification
Koha item type Books
Suppress in OPAC No
999 ## -
-- 4091
-- 4091
Holdings
Withdrawn status Lost status Source of classification or shelving scheme Damaged status Not for loan Collection Home library Current library Shelving location Date acquired Total checkouts Full call number Barcode Date last seen Copy number Price effective from Koha item type
    Library of Congress Classification     Non-fiction Science Library (Miotso) Science Library (Miotso) General stacks 02/21/2025   RD761 .K69 KAZ SLM00003559 02/21/2025 1 02/21/2025 Books
© 2023-2024 Copyright: Central University Libraries. All Rights Reserved | Created by: Mahone Tech Office